| 000 | 00596nam a2200217Ia 4500 | ||
|---|---|---|---|
| 005 | 20250505124854.0 | ||
| 008 | 008 250505s9999 xx 000 0 eng d | ||
| 037 | _aReference | ||
| 040 |
_aLCO _beng _cLCO |
||
| 041 |
_aeng _2eng |
||
| 084 |
_aZ2,5X61 R3 _qLCO |
||
| 100 |
_aMehanthan, M.C. _9753934 |
||
| 245 | 0 |
_aLaw on Prevention of Money Laundering in India _cM.C.Mehanthan |
|
| 250 | _a3rd | ||
| 260 |
_aHaryana, India _bLexisNexis _c2023 |
||
| 300 | _a1074 | ||
| 365 |
_aINR _b1795 |
||
| 650 | _aLaw | ||
| 942 |
_cREF _hZ2,5X61 R3 |
||
| 999 |
_c1310456 _d1310456 |
||